| 000 | 00629cam a22002291 4500 | ||
|---|---|---|---|
| 001 | ne 64002709 | ||
| 003 | DLC | ||
| 005 | 20260227111806.0 | ||
| 008 | 890207s1963 le 000 0 arar | ||
| 010 | _ane 64002709 | ||
| 025 | _aPL480:UAR-4589 | ||
| 035 | _a(OCoLC)19110885 | ||
| 040 |
_aDLC _cWaU _dWaU _dDLC |
||
| 042 | _apremarc | ||
| 043 | _aa-iq--- | ||
| 050 | 0 | 0 |
_aDS79.53 _b.S45 |
| 100 | 1 | _aShirrī, Muḥammad Bāqir. | |
| 245 | 1 | 3 |
_aal-ʻIrāq al-thāʼir _c[taʼlīf] Muḥammad Bāqir Shirrī. |
| 260 |
_a[Bayrūt] _bDār al-Kitāb al-ʻArabī _c[1963] |
||
| 300 |
_a208 p. _c21 cm. |
||
| 651 | 0 |
_aIraq _xHistory. |
|
| 999 |
_c47517 _d47517 |
||